000 00416nam a2200157Ia 4500
008 240729s9999 xx 000 0 und d
022 _a2410-3713
245 0 _aBotanica Pacifica
260 _aRussian Federation
260 _bFEB RAS, Botanical Garden-Institute
650 _a Botany
650 _aScience
856 _uhttps://doaj.org/toc/864f9b00722f44579be4edbd20fc3f14
942 _2ddc
942 _cDOAJEJ
999 _c66563
_d66563
945 _a1
_bMadushi Gamage
_c1
_dMadushi Gamage